• 首页
  • 本馆介绍
  • 公告通知
  • 最新文献
  • 馆藏检索
  • 电子资源
  • 读者导购
  • 参考咨询
  • 我的图书馆
  • 登录
  • 详细信息显示
  • 放入我的书架
  • 预约/预借图书
  • 作者相关作品
  • 分类相关作品
  • 丛书相关作品
  • 出版社相关作品

书目信息

  • 表格格式
  • 工作单格式
  • 卡片格式
题名:
激波和高温流体动力学现象
    
 
作者: Зельдович , 莱依捷尔 , райзер , 泽尔道维奇 著 ;张树材 译
分册: 上册   物理学
出版信息: 北京   科学出版社  1980
页数: 468页
开本: 20cm
丛书名: 力学名著译丛
单 册:
中图分类: O354
科图分类:
主题词: 气体动力学 , 激波
电子资源:
ISBN:
000 00970nam2 2200301 45
001 0180006552
005 20060731171623.71
010    @dCNY2.75
091    @aCN@b13031.1210
100    @a19960215d1980 em y0chiy0121 ea
101 1  @achi@crus
102    @aCN@b110000
105    @ay z 000yy
200 10 @a激波和高温流体动力学现象@Aji bo he gao wen liu ti dong li xue xian xiang@i物理学@h上册@f(苏)泽尔道维奇(Я.Б.Зельдович),(苏)莱依捷尔(Ю.П.райзер)著@g张树材译
210    @a北京@c科学出版社@d1980
215    @a468页@d20cm
225 2  @a力学名著译丛
410  0 @120010@a力学名著译丛
606    @a气体动力学
606    @a激波
690    @aO354@v3
701 A1 @aЗельдович@bЯ.Б.@4著
701  1 @a莱依捷尔@Alai yi jie er@bЮ.П.@4著
701 A1 @aрайзер@bЮ.П.@4著
701  1 @a泽尔道维奇@Aze er dao wei qi@bЯ.Б.@4著
702  0 @a张树材@Azhang shu cai@4译
801  0 @aCN@bTSSF@c20060731
905    @a10447@dO354@e2:1
    
    激波和高温流体动力学现象.物理学.上册/(苏)泽尔道维奇(Я.Б.Зельдович),(苏)莱依捷尔(Ю.П.райзер)著/张树材译.-北京:科学出版社,1980
    468页;20cm.-(力学名著译丛)
    
    
    ISBN :CNY2.75
    
●
相关链接 在E读中查询图书 在五车中查询图书 在当当中查询图书 在豆瓣中查询图书


正题名:激波和高温流体动力学现象     索取号:O354/2:1         预约/预借

序号 登录号 条形码 馆藏地/架位号 状态 备注
1 0443196   204431962   密集书库/ [索取号:O354/2:1] 在馆    
唐山师范学院图书馆 欢迎您!
大连网信软件有限公司© 版权所有